Quizzes
Events
Quiz Creation
Community
Videos
Private Events
Remove Ads
Sign In
Join for FREE
Feedback
Dark Mode
Quiz Categories
Sports
Geography
Music
Movies
Television
Just For Fun
Miscellaneous
History
Literature
Language
Science
Gaming
Entertainment
Religion
Holiday
For Kids
Quiz Lab
Recent
Popular Today
Quiz Kudos Today
Editor Picks
Curator Picks
Quizzes by...
Day
Popularity
Type
Ratings
Length
Year
Community
Subscriptions
Recent Discussions
Orange Saloon
Badges
Playlists
Quests
Create
Leaderboards
Showdown
Live 5
Trivia Bingo
Activity
Puzzle Library
Sporcle Events
Private Events
Virtual Trivia
Globe League
Become a Host
Pub Owners
SporcleCon
Opinionation
Our Games
Videos
Blog
Mobile Apps
Partnerships
Remove Ads and Go Orange
Feedback
Sports
Athletes
MLB
NBA
NHL
NFL
Soccer
Sports Teams
WWE
NCAA
Football
Premier League
Basketball
Baseball
Hockey
Golf
Tennis
Cricket
Rugby
Auto Racing
Olympics
World Cup
Sports
Athletes
MLB
NBA
NHL
NFL
Soccer
Sports Teams
WWE
NCAA
Football
Premier League
Basketball
Baseball
Hockey
Golf
Tennis
Cricket
Rugby
Auto Racing
Olympics
World Cup
Random Quiz
Search Sporcle
×
Quiz Lab
Quiz Lab
Sports
MLB
Type in answers that appear in a list
Type in answers that appear in a list
Classic
Best Score? Go Orange.
2014 Cubs Stats
Can you name all of the 2014 Cubs roster?
By
thegorilla23
7m
48 Questions
132 Plays
132 Plays
132 Plays
Comments
Comments
Give Quiz Kudos
Give Quiz Kudos
-
- Ratings
hide this ad
Replay
Link that replays current quiz
Next Quiz
Link to next quiz in quiz playlist
You Got
0%
They Got
Avg Score
38%
Avg Friend Score
Upgrade to see
Score Distribution
Jump to the score distribution portion of the page
Score
0/48
Timer
07:00
0
Plays Today
Positions
Player
% Correct
1B
Anthony Rizzo
95.5%
SS
Starlin Castro
90.9%
C
Wellington Castillo
74.2%
SP
Jeff Samardzija
65.2%
SP
Travis Wood
63.6%
SP
Jake Arrieta
63.6%
SP
Jason Hammel
62.9%
3B (2B, DH)
Luis Valbuena
61.4%
2B, SS
Javier Baez
61.4%
2B (SS)
Darwin Barney
59.8%
RF
Jorge Soler
58.3%
RP
Hector Rondon
56.1%
LF (RF, DH)
Chris Coghlan
55.3%
SP
Kyle Hendricks
55.3%
RP
Pedro Strop
52.3%
1B, 3B, DH
Mike Olt
51.5%
C, RP
John Baker
50.8%
P
Edwin Jackson
50%
CF (2B)
Arismendy Alcantara
48.5%
RP
James Russell
43.2%
RF (LF, CF, DH)
Nate Schierholtz
42.4%
LF, CF, RF
Junior Lake
42.4%
SP
Tsuyoshi Wada
42.4%
2B, 3B, SS, LF, CF, RF, DH
Emilio Bonifacio
34.8%
Positions
Player
% Correct
RP
Justin Grimm
34.1%
RP
Neil Ramirez
31.1%
LF, CF, RF
Justin Ruggiano
30.3%
SP
Dallas Beeler
28.8%
LF, CF, RF, DH
Ryan Sweeney
25.8%
RP
Brian Schlitter
24.2%
P
Carlos Villanueva
22.7%
P
Jacob Turner
21.2%
C
Eli Whiteside
20.5%
C
Rafael Lopez
20.5%
SP
Felix Doubront
19.7%
1B, 2B, 3B, SS
Chris Valaika
18.9%
P
Dan Straily
18.9%
LF, CF, RF, DH
Matt Szczur
18.2%
2B, RF, DH
Logan Watkins
18.2%
RP
Zac Rosscup
17.4%
RP
Blake Parker
16.7%
RP
Wesley Wright
15.9%
RP
Jose Veras
15.2%
RP
Kyuji Fujikawa
15.2%
P
Eric Jokisch
14.4%
LF, CF, RF
Ryan Kalish
12.1%
RP
Chris Rusin
10.6%
RP
Arodys Vizcaino
9.1%
Quiz Playlist
Details
Report
Send in Message
Add To Playlist
Classic:
Type in answers that appear in a list
Last Updated: Feb 16, 2017
Quiz Scoreboard
CHALLENGE
Sign Up to Join the Scoreboard
Show All
Scores
Hide
Comments
May contain spoilers
Recently Published
An Introduction to Baseball
by treessimontrees
Sports
5m
Movies - When Are They Set?
by FPL_Elf
Movies
5m
Popular People in 1961
by mucciniale
History
6m
More to Explore
Quiz From the Vault
Featured Blog Post
Where Did the Easter Bunny Come From?
hide this ad
You Might Also Like...
Tags
MLB Quiz
2014
chicago
Chicago Cubs
Chicago Sports
Player
Wrigley
Today's Top Quizzes in Sports
Browse Sports
hide this ad
Today's Top Quizzes in MLB
Browse MLB
Top Contributed Quizzes in Sports
1
Les meilleurs buteurs des matchs entre le PSG et l’OM
2
2022 World Cup Stars
3
FIFA Club World Cup Champions
4
Les entraîneurs de l'OM et du PSG au 21e siècle
5
Name the Premier League winners with different clubs
6
La finale Lions - Afrique du Sud 2021
7
England Test cricketers to play under Nasser Hussain
8
5-to-1: UK Sports Teams
9
Les joueurs passés par le LOSC et le RC Lens
10
Criteria MLB: Left Handed Sluggers
Explore More
Trending Topics
Harry Potter
NBA
Marvel
Disney
Anime
Kpop
Crossword
Song
Pokémon
WWE
Soccer
The Office
NFL
Country
Puzzle
hide this ad
More By:
thegorilla23
Quiz
Plays
Rating
Category
Featured
Created
Opening Day NBA Rosters 2014-15
2,515
2.14
Sports
Nov 13, 2014
2015-2016 NBA Rosters by College
689
2.29
Sports
Nov 7, 2015
NBA Retirement Homes
239
3.00
Sports
Jan 22, 2015
2015 MLB Award Finalists
209
Sports
Nov 11, 2015
2014 Cubs
132
Sports
Jan 27, 2015
Go to Creator's Profile
Score Distribution
Quiz Creator Spotlight
thegorilla23
Follow
Send a Message
Quizzes Created
-
Created Quiz Play Count
-
More By This Creator
Popular Quizzes Today
1
Find the Countries of Europe - No Outlines Minefield
2
Find the US States - No Outlines Minefield
3
The Countries of the World
4
Popular People in 1961
5
Find the US States
6
US States
7
1-10 Letter E Words III
8
Risky Map Clicking: Biggest States A-Z
More Sports Quizzes
Managers Relegated from Premier League
Quiz Lab
Trending Quizzes
Risky Map Clicking: Least Populous States A-Z
1-10 Letter F Words
1-10 Letter G Words
One Thing in Common: United Kingdom
Risky Map Clicking: Next State Alphabetically
Recently Updated
Leaping Animals
pecheneg
Reality TV Shows (A-Z)
bhenderson79
Rickey Henderson's Hall of Fame Teammates
pecheneg
Champions League XIs: Arsenal
pecheneg
Quick Pick: Celebrities in WWE's Hall of Fame
aduchscher
A-Z Keypad Blitz II
pecheneg
Multiple Oscar Actors
pecheneg
Mystery Phrase Blitz: Oscar 'Best Actors'
pecheneg
F. Scott Fitzgerald Novels
LTH
Pick 3 Villains
ddd62291
Trending Topics
Harry Potter
Disney
Crossword
Kpop
NBA
Marvel
Anime
WWE
The Office
Puzzle
Soccer
NFL
Pokémon
Song
Country
Your Account Isn't Verified!
In order to create a playlist on Sporcle, you need to verify the email address you used during registration. Go to your
Sporcle Settings
to finish the process.
Report this User
Report this user for behavior that violates our
Community Guidelines
.
Details:
Send Report
Go to the Sporcle.com Mobile Site →
Comments